000 00519nam a2200169 a 4500
005 20140310183318.0
008 041026s19uu xx 00 eng d
050 _aZ 286.D47
_b.C932 2003
100 _aCrisostomo, Conchita
245 _aDesktop publishing /
_cConchita C. Crisostomo, Ricky L. Adorna.
260 _aManila, Philippines :
_b3K-IT Educational Services,
_c2003.
300 _a143 p. :
_bill. ;
_c23 cm.
521 _aIT
650 _aHistory
_xData processing.
942 _cBK
_2lcc
_kLOC
999 _c21328
_d21328